000 00283nam a22001337a 4500
008 181018b xxu||||| |||| 00| 0 eng d
020 _a9781585422555
041 _aeng
080 _a910
100 _a42
101 _aGEO
245 _aMars On Earth
_cZubrin.R
942 _2udc
_cBK
999 _c50095
_d50095